Échecs: Ne te fais pas capturer #3 - Mort subite - Statistiques

Statistiques générales
  • Ce quiz a été pris 1 737 fois
  • Le résultat moyen est 4 sur 8
Answers on the Grid
Answers color-coded by a green-red scale on the quiz's grid according to % correct below.
 
Statistiques - réponses
Réponse % Correct
61%
60%
60%
58%
48%
47%
41%
41%
Aucun quiz correspondant
Distribution des résultats
% des personnes avec chaque résultat
Percentile par nombre de réponses
Votre historique - résultats
Vous n’avez pas pris ce quiz